Statistics for Famous Twins

Click here to take the quiz!

General Stats

  • This quiz has been taken 63 times
  • The average score is 2 of 11

Answer Stats

HintAnswer% Correct
Mary-Kate OlsenAshley
97%
Dylan SprouseCole
63%
Jenna BushBarbara
27%
Tiki BarberRonde
22%
Jason LondonJeremy
14%
Tyler WinklevossCameron
5%
Liz SagelJean
5%
Dan AltermanRan
5%
Jessica DavisJesse
3%
Jason SklarRandy
3%
Erin MurphayDiane
2%

Score Distribution

Percentile by Number Answered

Percent of People with Each Score

Your Score History

You have not taken this quiz